[Event "chess.com Junior Speed"]
[Site "chess.com INT"]
[Date "2019.08.10"]
[Round "4.11"]
[White "Wei Yi"]
[Black "Xiong,Jeffery"]
[Result "1-0"]
[WhiteElo "2736"]
[BlackElo "2679"]

1.Nf3 c5 2.e4 Nc6 3.Nc3 d6 4.d4 cxd4 5.Nxd4 Nf6 6.g3 Bd7 7.Bg2 g6 8.O-O Bg7
9.Nxc6 Bxc6 10.Qe2 O-O 11.Rd1 Nd7 12.Nd5 Rc8 13.c3 e6 14.Nb4 Qc7 15.Bf4 Ne5
16.Be3 Bd7 17.Bd4 Rfd8 18.Rac1 a5 19.Nc2 b5 20.Ne3 Qb8 21.b3 Bc6 22.Qb2 Bf8
23.f4 Nd7 24.c4 Qb7 25.Qb1 b4 26.Ng4 f5 27.Nf2 Nc5 28.Re1 a4 29.Rcd1 axb3
30.axb3 Ra8 31.Qb2 Bg7 32.Bxg7 Qxg7 33.e5 Bxg2 34.Kxg2 dxe5 35.Rxd8+ Rxd8
36.Rxe5 Nd7 37.Qd2 Qf6 38.Re3 Nc5 39.Qxb4 Qd4 40.Re2 e5 41.fxe5 Nd3 42.Qd2 Kf7
43.Qxd3 Qxd3 44.Nxd3 Rxd3 45.b4 Rc3 46.c5 Rb3 47.Rc2 Rxb4 48.c6 Rb8 49.c7 Rc8
50.Rc6 Ke7 51.e6 g5 52.Kf3 Ra8 53.c8=Q  1-0

[Event "chess.com Junior Speed"]
[Site "chess.com INT"]
[Date "2019.08.10"]
[Round "4.2"]
[White "Xiong,Jeffery"]
[Black "Wei Yi"]
[Result "1/2-1/2"]
[WhiteElo "2679"]
[BlackElo "2736"]

1.d4 Nf6 2.c4 g6 3.Nc3 d5 4.Bf4 Bg7 5.e3 O-O 6.cxd5 Nxd5 7.Nxd5 Qxd5 8.Bxc7 Na6
9.Bxa6 Qxg2 10.Qf3 Qxf3 11.Nxf3 bxa6 12.Rc1 f6 13.Rg1 Rf7 14.b3 Bb7 15.Ke2 Re8
16.Ba5 e5 17.dxe5 fxe5 18.Ng5 Rd7 19.f3 e4 20.Nxe4 Bxe4 21.fxe4 Rxe4 22.Rc8+ Kf7
23.Rf1+ Ke7 24.a3 Be5 25.Rff8 Ke6 26.Bb4 Rh4 27.Rfe8+ Kf5 28.Rc5 Rxh2+ 29.Kf3 Rh3+
30.Kf2 Rh2+ 31.Kf3 Rh3+ 32.Kf2 Rh2+ 33.Kf3  1/2-1/2

[Event "chess.com Junior Speed"]
[Site "chess.com INT"]
[Date "2019.08.10"]
[Round "4.13"]
[White "Wei Yi"]
[Black "Xiong,Jeffery"]
[Result "1/2-1/2"]
[WhiteElo "2736"]
[BlackElo "2679"]

1.Nf3 d5 2.e3 Nf6 3.c4 e6 4.b3 b6 5.Bb2 Bb7 6.g3 Bd6 7.Bg2 O-O 8.O-O Nbd7
9.Nc3 a6 10.Qe2 Qe7 11.Rfd1 Ne4 12.Rac1 Nxc3 13.Bxc3 Nc5 14.cxd5 exd5 15.Nd4 g6
16.Bb2 Rfe8 17.d3 Be5 18.Nc6 Bxc6 19.Bxe5 Qxe5 20.d4 Qd6 21.dxc5 bxc5 22.Qc2 d4
23.Bxc6 Qxc6 24.Rxd4 Re5 25.b4 h5 26.Rc4 Rd8 27.Rxc5 Rxc5 28.Qxc5 Qf3 29.Qxc7 Rd2
30.Qf4 Qxf4 31.gxf4 Rxa2 32.Kg2 Rb2 33.Rc4 Kg7 34.Kf3 Kf6 35.h4 Ke6 36.Rc6+ Ke7
37.Rb6 Ra2 38.Rb7+ Ke6 39.Rb6+ Ke7 40.Ke4 a5 41.Ra6 Ra4 42.Ke5 Rxb4 43.Rxa5 Kf8
44.Ra8+ Kg7 45.Ra2 Rb1 46.Ke4 Rh1 47.Kf3 Rxh4 48.Kg2 Rg4+ 49.Kh2 Rh4+ 50.Kg2 Rg4+
51.Kh2 Rh4+ 52.Kg2  1/2-1/2

[Event "chess.com Junior Speed"]
[Site "chess.com INT"]
[Date "2019.08.10"]
[Round "4.7"]
[White "Wei Yi"]
[Black "Xiong,Jeffery"]
[Result "1/2-1/2"]
[WhiteElo "2736"]
[BlackElo "2679"]

1.e4 c6 2.d4 d5 3.exd5 cxd5 4.Bd3 Nc6 5.c3 Qc7 6.h3 Nf6 7.Nf3 e6 8.O-O Bd6
9.Re1 O-O 10.Bg5 Nd7 11.Na3 a6 12.Nc2 b5 13.Qe2 Nb6 14.Ne5 Nc4 15.Nxc6 Qxc6
16.Qh5 h6 17.Rab1 Ra7 18.b3 Nb2 19.Bxh6 gxh6 20.Qxh6 Nxd3 21.Qg5+ Kh7 22.Qh5+ Kg8
23.Qg5+ Kh8 24.Qh5+ Kg8 25.Qg5+  1/2-1/2

[Event "chess.com Junior Speed"]
[Site "chess.com INT"]
[Date "2019.08.10"]
[Round "4.6"]
[White "Xiong,Jeffery"]
[Black "Wei Yi"]
[Result "1-0"]
[WhiteElo "2679"]
[BlackElo "2736"]

1.d4 Nf6 2.c4 g6 3.Nc3 d5 4.Bf4 Bg7 5.e3 dxc4 6.Bxc4 O-O 7.Nf3 Nbd7 8.O-O c5
9.Rc1 cxd4 10.exd4 Nb6 11.Bb3 Nbd5 12.Nxd5 Nxd5 13.Be5 Bg4 14.h3 Bxf3 15.Qxf3 e6
16.Bxd5 exd5 17.Bxg7 Kxg7 18.Rc5 Qb6 19.Qxd5 Rad8 20.Qe5+ f6 21.Qc7+ Qxc7
22.Rxc7+ Rf7 23.Rfc1 Rdd7 24.Rxd7 Rxd7 25.Rc4 Kf7 26.Kf1 Ke6 27.Ke2 Kd5 28.Kd3 Re7
29.Rc8 Re1 30.Rc7 Rd1+ 31.Ke2 Ra1 32.a3 b6 33.Rxa7 Ra2 34.Rd7+ Ke6 35.Rxh7 Rxb2+
36.Ke3 Rb3+ 37.Ke4 Rxa3 38.Rb7 Rb3 39.h4 Rb4 40.g4 f5+ 41.gxf5+ gxf5+ 42.Ke3 Kf6
43.h5 Kg5 44.d5 Kxh5 45.d6 Re4+ 46.Kd3 Re1 47.Rxb6 Kg6 48.d7+  1-0

[Event "chess.com Junior Speed"]
[Site "chess.com INT"]
[Date "2019.08.10"]
[Round "4.3"]
[White "Wei Yi"]
[Black "Xiong,Jeffery"]
[Result "0-1"]
[WhiteElo "2736"]
[BlackElo "2679"]

1.e4 c6 2.d4 d5 3.e5 Bf5 4.Nd2 e6 5.Nb3 c5 6.Nxc5 Bxc5 7.dxc5 Qa5+ 8.c3 Qxc5
9.Be3 Qc7 10.f4 Ne7 11.Be2 O-O 12.Nf3 Nd7 13.O-O Be4 14.Nd4 Nf5 15.Nxf5 Bxf5
16.Bd4 Nb8 17.Qd2 Nc6 18.Bc5 Rfd8 19.Qe3 Na5 20.b3 b6 21.Bd6 Qc6 22.g4 Be4
23.f5 exf5 24.gxf5 Nb7 25.Be7 Re8 26.f6 Nc5 27.Bg4 Ne6 28.Bxe6 Qxe6 29.Qg5 Bg6
30.Rae1 Rac8 31.Re3 d4 32.cxd4 Rc2 33.h4 h5 34.Ref3 Qd5 35.Rf4 Rxa2 36.R1f2 Ra1+
37.Rf1 Ra2 38.R1f2 Ra1+ 39.Rf1 Rxf1+ 40.Kxf1 Rc8 41.Rf2 Qh1+ 42.Ke2 Rc2+  0-1

[Event "chess.com Junior Speed"]
[Site "chess.com INT"]
[Date "2019.08.10"]
[Round "4.8"]
[White "Xiong,Jeffery"]
[Black "Wei Yi"]
[Result "1/2-1/2"]
[WhiteElo "2679"]
[BlackElo "2736"]

1.d4 Nf6 2.c4 e6 3.Nc3 Bb4 4.Nf3 c5 5.g3 Nc6 6.Bg2 Ne4 7.Bd2 Bxc3 8.bxc3 O-O
9.O-O d6 10.Qc2 f5 11.Rfd1 Qe7 12.Be3 Na5 13.Qd3 cxd4 14.cxd4 b6 15.Nd2 Bb7
16.Nxe4 fxe4 17.Bxe4 Bxe4 18.Qxe4 Nxc4 19.d5 Nxe3 20.Qxe3 Rae8 21.Rac1 Qf6
22.Qd4 Qxd4 23.Rxd4 exd5 24.e3 Rc8 25.Rxc8 Rxc8 26.Rxd5 Rc2 27.a3 Rc3 28.a4 Rc4
29.a5 Rc5 30.Rxd6 Rxa5 31.Rd7 Ra2 32.Rb7 h5 33.h4 Kh7 34.e4 Kg6 35.Kg2 Ra3
36.f3 Kf6 37.Kf2 g6 38.Ke2 Ke5 39.Rg7 Kf6 40.Rb7 Ke6 41.Rg7 Kf6 42.Rb7  1/2-1/2

[Event "chess.com Junior Speed"]
[Site "chess.com INT"]
[Date "2019.08.10"]
[Round "4.16"]
[White "Xiong,Jeffery"]
[Black "Wei Yi"]
[Result "1/2-1/2"]
[WhiteElo "2679"]
[BlackElo "2736"]

1.d4 Nf6 2.c4 e6 3.Nc3 Bb4 4.Nf3 b6 5.Qc2 Bb7 6.a3 Bxc3+ 7.Qxc3 O-O 8.e3 d5
9.b3 Nbd7 10.Bb2 dxc4 11.Bxc4 c5 12.O-O Rc8 13.Rad1 Qe7 14.a4 cxd4 15.Qxd4 Rfd8
16.Qf4 Bd5 17.Nd2 Nc5 18.Ba3 Qb7 19.Bxc5 Rxc5 20.e4 e5 21.Qe3 Bxc4 22.Nxc4 Qe7
23.Qe2 Rcc8 24.Ne3 g6 25.Qf3 Rd4 26.Nd5 Nxd5 27.exd5 Rd8 28.Rxd4 exd4 29.Rc1 Qg5
30.Rc7 Qxd5 31.Qxd5 Rxd5 32.Kf1 a6 33.Ke2 b5 34.Kd3 bxa4 35.bxa4 a5 36.Rc4 Kf8
37.Rxd4 Rh5 38.h3 Ke7 39.Ke4 Ke6 40.Rc4 Re5+ 41.Kf4 Rf5+ 42.Ke3 Re5+ 43.Kf4 Rf5+
44.Ke3 Re5+ 45.Kf4  1/2-1/2

[Event "chess.com Junior Speed"]
[Site "chess.com INT"]
[Date "2019.08.10"]
[Round "4.14"]
[White "Xiong,Jeffery"]
[Black "Wei Yi"]
[Result "1-0"]
[WhiteElo "2679"]
[BlackElo "2736"]

1.d4 Nf6 2.c4 g6 3.Nc3 d5 4.cxd5 Nxd5 5.Na4 Nf6 6.Nf3 Bg7 7.Bf4 O-O 8.e3 Bg4
9.Be2 Nbd7 10.O-O c6 11.h3 Bxf3 12.Bxf3 Re8 13.Qb3 Qc8 14.d5 e5 15.dxc6 bxc6
16.Bh2 Qa6 17.Qc2 Rac8 18.Rfd1 c5 19.Rac1 c4 20.Be2 Nb6 21.Nxb6 axb6 22.a4 b5
23.axb5 Qxb5 24.Bxc4 Qb7 25.b3 e4 26.Qe2 Qb6 27.Ra1 Ra8 28.Rxa8 Rxa8 29.Be5 Rd8
30.Bd4 Qc7 31.Ra1 Nd5 32.Qb2 Bxd4 33.Qxd4 Nb6 34.Qxe4 Nxc4 35.bxc4 Rc8 36.Ra8 Rxa8
37.Qxa8+ Kg7 38.Qd5 Qb8 39.c5  1-0

[Event "chess.com Junior Speed"]
[Site "chess.com INT"]
[Date "2019.08.10"]
[Round "4.15"]
[White "Wei Yi"]
[Black "Xiong,Jeffery"]
[Result "1/2-1/2"]
[WhiteElo "2736"]
[BlackElo "2679"]

1.Nf3 c5 2.c4 Nf6 3.Nc3 Nc6 4.e3 e6 5.d4 d5 6.cxd5 Nxd5 7.Bb5 Qb6 8.Nxd5 exd5
9.Bxc6+ bxc6 10.O-O Be7 11.dxc5 Bxc5 12.b3 O-O 13.Qc2 Be7 14.Bb2 c5 15.Rac1 Bb7
16.Rfd1 Rfd8 17.Ne5 Qe6 18.Nd3 Rac8 19.Nf4 Qh6 20.Qf5 Bd6 21.Be5 d4 22.Bxd6 Qxd6
23.h3 Ba6 24.exd4 cxd4 25.Rxc8 Rxc8 26.Qe4 Rd8 27.Nd3 Qc7 28.Qe5 Qc2 29.Re1 h6
30.Nb4 Qc8 31.Rd1 d3 32.Qa5 Rd6 33.Nxa6 Rxa6 34.Qb5 Rd6 35.Qb4 Qc2 36.Rd2 Qc1+
37.Kh2 Rd8 38.Qf4 Re8 39.Qb4 Qe1 40.Qc3 Re2 41.Qc8+ Kh7 42.Qf5+ Kg8 43.Rxd3 Re8
44.Rf3 Rf8 45.a4 Qb4 46.Qd7 Qb8+ 47.g3 a6 48.Qd3 Qb6 49.Qe3 Qb4 50.Qc3 Qb6
51.Qe3 Qb4 52.Rf4 Qb7 53.Qf3 Qd7 54.a5 Rc8 55.Qg4 Qb7 56.Rc4 Rd8 57.Rd4 Re8
58.Rd1 Qxb3 59.Qd7 Rf8 60.Qd3 Qa2 61.Qd4 Qxa5 62.Ra1 Qb5 63.Qa7 Qe2 64.Rxa6 Qe5
65.Ra2 Qf6 66.Qa6 Qxa6 67.Rxa6 Re8 68.Ra2 Rf8 69.Kg2 Re8 70.Kh2 Re6 71.Kg2 Rf6
72.Kh2 g6 73.Kg2 Kg7  1/2-1/2

[Event "chess.com Junior Speed"]
[Site "chess.com INT"]
[Date "2019.08.10"]
[Round "4.1"]
[White "Wei Yi"]
[Black "Xiong,Jeffery"]
[Result "1-0"]
[WhiteElo "2736"]
[BlackElo "2679"]

1.e4 c6 2.d4 d5 3.exd5 cxd5 4.Bd3 Nc6 5.c3 Qc7 6.h3 Nf6 7.Nf3 e6 8.O-O Bd6
9.Re1 O-O 10.Bg5 Nd7 11.Na3 a6 12.Nc2 b5 13.Qe2 Nb6 14.Ne5 Nc4 15.Nxc6 Qxc6
16.Qh5 g6 17.Qh6 f6 18.Bxg6 Ra7 19.Bxf6 Rxf6 20.Bxh7+ Rxh7 21.Qxf6 Qe8 22.b3 Nb6
23.Ne3 Qf8 24.Ng4 Be7 25.Qg6+ Rg7 26.Qd3 Bd6 27.Re3 Qf4 28.Rf3 Qg5 29.Rf6 Bd7
30.Nh6+  1-0

[Event "chess.com Junior Speed"]
[Site "chess.com INT"]
[Date "2019.08.10"]
[Round "4.17"]
[White "Wei Yi"]
[Black "Xiong,Jeffery"]
[Result "0-1"]
[WhiteElo "2736"]
[BlackElo "2679"]

1.Nf3 c5 2.e4 Nc6 3.Nc3 d6 4.d4 cxd4 5.Nxd4 Nf6 6.g3 Bd7 7.Bg2 g6 8.Nxc6 Bxc6
9.O-O Bg7 10.Qe2 O-O 11.Rd1 Nd7 12.Nd5 Rc8 13.c3 e6 14.Nb4 Qc7 15.Be3 Rfd8
16.a4 Nf6 17.Bxa7 Be8 18.a5 Nd7 19.Bd4 Ra8 20.Bxg7 Kxg7 21.a6 Ne5 22.axb7 Qxb7
23.Rxa8 Qxa8 24.Qe3 Qa4 25.Qd4 Kg8 26.h3 Bb5 27.Rb1 Be2 28.f4 Nd3 29.b3 Qb5
30.Nxd3 Qxd3 31.Qxd3 Bxd3 32.Rb2 Rb8 33.Rd2 Bb1 34.Rb2 Bd3 35.Kf2 Kf8 36.Ke3 Bc4
37.b4 Rc8 38.e5 dxe5 39.fxe5 Bb5 40.Kd2 Rd8+ 41.Kc1 Rd3 42.Bf1 Rxc3+ 43.Kd2 Rxg3
44.Bxb5 Ke7 45.Bc6 Kd8 46.b5 Kc7 47.Ra2 Kb6 48.Ra6+ Kc5 49.Ra7 Rxh3 50.Rxf7 g5
51.Rg7 h6 52.Rg6 Kd4 53.b6 Rh2+ 54.Kc1 Kc3 55.b7 Rb2  0-1

[Event "chess.com Junior Speed"]
[Site "chess.com INT"]
[Date "2019.08.10"]
[Round "4.18"]
[White "Xiong,Jeffery"]
[Black "Wei Yi"]
[Result "1-0"]
[WhiteElo "2679"]
[BlackElo "2736"]

1.d4 Nf6 2.c4 e6 3.Nc3 Bb4 4.Nf3 b6 5.Qc2 Bb7 6.a3 Bxc3+ 7.Qxc3 O-O 8.e3 d5
9.b3 Nbd7 10.Bb2 c5 11.Rd1 Rc8 12.Be2 dxc4 13.bxc4 cxd4 14.exd4 b5 15.c5 Ne4
16.Qb4 a6 17.a4 Ndf6 18.axb5 Nd5 19.Qb3 axb5 20.O-O Nf4 21.Bxb5 Bd5 22.Qe3 Qf6
23.Bc1 g5 24.Nxg5 Qxg5 25.Qxf4 Qxf4 26.Bxf4 Nc3 27.Rb1 Nxb5 28.Rxb5 Bc4 29.Rfb1 Bxb5
30.Rxb5 Rfd8 31.Be5 h5 32.h4 Kh7 33.Rb3 Rg8 34.Rf3 f5 35.Rb3 Rg4 36.g3 Re4
37.Rb6 Rxc5 38.dxc5 Rxe5 39.c6 Rc5 40.Rb7+ Kg6 41.Rc7 e5 42.Kg2 e4 43.Kf1 Rc2
44.Ke1 Kf6 45.Kd1 Rc5 46.Kd2 Ke6 47.Rh7 Rxc6 48.Rh6+ Kd5 49.Rxh5 Ke5 50.g4 Kf4
51.gxf5 Kg4 52.Rg5+ Kxh4 53.Rg6 Rc8 54.Ke3 Re8 55.f6 Kh5 56.f7 Rf8 57.Rf6 Kg5
58.Rf4 Kg6 59.Kxe4 Kg7 60.Ke5  1-0

[Event "chess.com Junior Speed"]
[Site "chess.com INT"]
[Date "2019.08.10"]
[Round "4.19"]
[White "Wei Yi"]
[Black "Xiong,Jeffery"]
[Result "1/2-1/2"]
[WhiteElo "2736"]
[BlackElo "2679"]

1.e4 d5 2.exd5 Qxd5 3.Nc3 Qd8 4.d4 Nf6 5.Nf3 g6 6.Be2 Bg7 7.O-O O-O 8.h3 a6
9.a4 Nc6 10.Be3 b6 11.Ne5 Bb7 12.Bf3 Qe8 13.Qe2 e6 14.Rfd1 Nd8 15.Bxb7 Nxb7
16.Qc4 Qc8 17.Nc6 Re8 18.Bf4 Nd6 19.Qd3 Qb7 20.Qf3 b5 21.Bxd6 cxd6 22.axb5 axb5
23.Ne7+ Qxe7 24.Rxa8 b4 25.Rxe8+ Qxe8 26.Ne4 Nxe4 27.Qxe4 d5 28.Qd3 Qc6 29.c3 Qb6
30.Ra1 bxc3 31.bxc3 Bf6 32.g3 Kg7 33.Kg2 h5 34.Ra8 h4 35.Qa6 Qb1 36.Qe2 hxg3
37.fxg3 Qc1 38.Qf3 Qc2+ 39.Kf1 Qc1+ 40.Ke2 Qc2+ 41.Kf1 Qc1+ 42.Kg2 Qd2+ 43.Kf1 Qc1+  1/2-1/2

[Event "chess.com Junior Speed"]
[Site "chess.com INT"]
[Date "2019.08.10"]
[Round "4.20"]
[White "Xiong,Jeffery"]
[Black "Wei Yi"]
[Result "0-1"]
[WhiteElo "2679"]
[BlackElo "2736"]

1.d4 Nf6 2.c4 e6 3.Nc3 Bb4 4.Nf3 b6 5.Qc2 Bb7 6.a3 Bxc3+ 7.Qxc3 O-O 8.e3 d5
9.b3 Nbd7 10.Bb2 Rc8 11.b4 c5 12.dxc5 bxc5 13.b5 d4 14.exd4 Ne4 15.Qe3 Qa5+
16.Nd2 cxd4 17.Bxd4 Rfd8 18.Rd1 e5 19.Bxa7 Ndc5 20.Bxc5 Nxc5 21.Be2 Bxg2
22.Rg1 Bb7 23.Kf1 g6 24.Rg5 f6 25.Rg3 Qa4 26.Rc1 Ne6 27.Bg4 Nf4 28.Bxc8 Bxc8
29.Qb3 Qa8 30.c5+ Be6 31.Qf3 Bd5 32.Qe3 Be6 33.Kg1 Kg7 34.c6 Qa5 35.c7 Rxd2
36.b6 Rb2  0-1

[Event "chess.com Junior Speed"]
[Site "chess.com INT"]
[Date "2019.08.10"]
[Round "4.21"]
[White "Wei Yi"]
[Black "Xiong,Jeffery"]
[Result "0-1"]
[WhiteElo "2736"]
[BlackElo "2679"]

1.e4 e6 2.d4 d5 3.Nd2 c5 4.Ngf3 cxd4 5.exd5 Qxd5 6.Bc4 Qd8 7.O-O Nc6 8.Nb3 a6
9.Nbxd4 Nxd4 10.Nxd4 Qc7 11.Bb3 Bd6 12.g3 Ne7 13.c3 O-O 14.Qh5 b5 15.Bc2 Ng6
16.Be4 Bb7 17.Qf3 Bxe4 18.Qxe4 Rac8 19.Re1 Rfd8 20.Bg5 Re8 21.Rad1 b4 22.cxb4 Bxb4
23.Re2 Qa5 24.h4 h6 25.Nc6 Qa4 26.Rc2 hxg5 27.b3 Qb5 28.Qxb4 Qxb4 29.Nxb4 Rxc2
30.Nxc2 gxh4 31.Nb4 a5 32.Nc6 Ra8 33.Rd8+ Rxd8 34.Nxd8 hxg3 35.fxg3 Ne5 36.Nb7 Nc6
37.Kf2 Kf8 38.Ke3 Ke7 39.Kd3 f5 40.Kc4 g5 41.Kb5 f4 42.gxf4 g4  0-1

[Event "chess.com Junior Speed"]
[Site "chess.com INT"]
[Date "2019.08.10"]
[Round "4.22"]
[White "Xiong,Jeffery"]
[Black "Wei Yi"]
[Result "0-1"]
[WhiteElo "2679"]
[BlackElo "2736"]

1.d4 Nf6 2.c4 e6 3.Nf3 b6 4.g3 Ba6 5.Nbd2 Be7 6.Bg2 Bb7 7.O-O O-O 8.b3 d5
9.Bb2 Nbd7 10.Rc1 c5 11.cxd5 exd5 12.e3 Rc8 13.Qe2 Re8 14.Rfd1 Qc7 15.Ne5 Nf8
16.f4 Qb8 17.Ndf3 Ne4 18.Bh3 Rcd8 19.dxc5 Bxc5 20.Nd4 f6 21.Nd3 Kh8 22.Bg2 Qa8
23.Bxe4 Bxd4 24.Bxd4 dxe4 25.Nf2 Ne6 26.Bb2 Nc5 27.Bd4 Nd3 28.Rc7 Rc8 29.Rd7 Bc6
30.Rxg7 Kxg7 31.Qg4+ Kf7 32.Qh5+ Ke6 33.Qh3+ f5 34.Nxd3 exd3 35.Rxd3 Be4
36.Rd2 Rc1+ 37.Kf2 Rc2 38.Rxc2 Bxc2 39.Qxh7 Re7 40.Qg6+ Kd7 41.Bf6 Qc6 42.Qg5 Rf7
43.Bd4 Be4 44.g4 Qc2+ 45.Ke1 Qc1+ 46.Ke2 Qc2+ 47.Ke1 Bd3  0-1

[Event "chess.com Junior Speed"]
[Site "chess.com INT"]
[Date "2019.08.10"]
[Round "4.23"]
[White "Wei Yi"]
[Black "Xiong,Jeffery"]
[Result "0-1"]
[WhiteElo "2736"]
[BlackElo "2679"]

1.Nf3 g6 2.e4 Bg7 3.d4 d6 4.Bd3 Nf6 5.O-O O-O 6.Re1 Nc6 7.c3 e5 8.h3 Re8
9.Na3 h6 10.Nc2 Bd7 11.b4 d5 12.b5 dxe4 13.Bxe4 Nxe4 14.Rxe4 Na5 15.Nxe5 Bf5
16.Qf3 Bxe5 17.Rxe5 Rxe5 18.dxe5 Bxc2 19.Bxh6 Qh4 20.Bf4 Rd8 21.Rc1 Rd3 22.Be3 Ba4
23.Qe2 Bxb5 24.e6 Qf6 25.exf7+ Qxf7 26.Qg4 Bd7 27.Qe4 Bf5 28.Qb4 b6 29.Re1 c5
30.Qb5 Qd7 31.Qb2 Nc4 32.Qb3 Be6 33.Bf4 Bf7 34.Qc2 Qf5 35.Bg3 Re3  0-1

[Event "chess.com Junior Speed"]
[Site "chess.com INT"]
[Date "2019.08.10"]
[Round "4.24"]
[White "Xiong,Jeffery"]
[Black "Wei Yi"]
[Result "1-0"]
[WhiteElo "2679"]
[BlackElo "2736"]

1.d4 Nf6 2.c4 e6 3.Nf3 b6 4.g3 Ba6 5.Nbd2 Bb7 6.Bg2 Be7 7.O-O O-O 8.b3 d5
9.Bb2 dxc4 10.Nxc4 Nbd7 11.Rc1 c5 12.dxc5 Nxc5 13.Nfe5 Bxg2 14.Kxg2 Qc8 15.b4 Qb7+
16.f3 Rfd8 17.Qc2 Ncd7 18.Rfd1 Nd5 19.b5 Nxe5 20.Bxe5 Rac8 21.Qb3 Bg5 22.e3 h5
23.h4 Bh6 24.Bd4 Qe7 25.Ne5 Rxc1 26.Rxc1 Qd6 27.Nc6 Re8 28.Rc2 e5 29.e4 exd4
30.Qxd5 d3 31.Rf2 Re6 32.f4 Qxd5 33.exd5 Rd6 34.Rd2 f6 35.Rxd3 g5 36.hxg5 fxg5
37.fxg5 Bxg5 38.Nxa7 h4 39.Nc8 Rg6 40.d6 Kf7 41.d7 Bd8 42.Nd6+ Ke6 43.Nb7 Ke7
44.Re3+ Kxd7 45.Rd3+ Kc7 46.Nxd8 hxg3 47.Nc6 Rg4 48.Nd4 Kd6 49.Nb3+ Ke5 50.Rxg3 Rb4
51.Rg5+ Ke4 52.Rg4+  1-0

[Event "chess.com Junior Speed"]
[Site "chess.com INT"]
[Date "2019.08.10"]
[Round "4.25"]
[White "Wei Yi"]
[Black "Xiong,Jeffery"]
[Result "1-0"]
[WhiteElo "2736"]
[BlackElo "2679"]

1.e4 d5 2.exd5 Qxd5 3.Nc3 Qd8 4.d4 Nf6 5.Nf3 g6 6.Be2 Bg7 7.O-O O-O 8.Re1 a6
9.a4 Nc6 10.Be3 Ng4 11.Qd2 Nxe3 12.fxe3 e5 13.d5 Ne7 14.Rad1 Qd6 15.Ne4 Qd8
16.d6 cxd6 17.Nxd6 Be6 18.c4 Qc7 19.Ng5 Rad8 20.Nxe6 fxe6 21.Qb4 b6 22.Ne4 Nf5
23.Bf3 Bh6 24.Rxd8 Rxd8 25.Qc3 a5 26.g3 Bf8 27.Qb3 Bb4 28.Rf1 Bc5 29.Re1 Bb4
30.Re2 Kg7 31.Kg2 Qd7 32.Qc2 Qd3 33.Kf2 Qxc2 34.Rxc2 Rd3 35.Re2 Rb3 36.Ng5 Kf6
37.Nxh7+ Ke7 38.g4 Nxe3 39.h3 Nxc4 40.Be4 Bc5+ 41.Kg2 Ne3+ 42.Kh2 Bd4 43.Ng5 Nd5
44.Nf3 Nf4 45.Rc2 Rxb2 46.Nxd4 Rxc2+ 47.Nxc2 Kd6 48.h4 Kc5 49.Kg3 b5 50.axb5 Kxb5
51.Ne1 Kc4 52.Nf3 a4 53.Nxe5+ Kc3 54.Kxf4 a3 55.Bb1 Kb2 56.Nc4+  1-0

[Event "chess.com Junior Speed"]
[Site "chess.com INT"]
[Date "2019.08.10"]
[Round "4.26"]
[White "Xiong,Jeffery"]
[Black "Wei Yi"]
[Result "0-1"]
[WhiteElo "2679"]
[BlackElo "2736"]

1.d4 Nf6 2.c4 e6 3.Nf3 d5 4.Nc3 c6 5.Bg5 h6 6.Bh4 dxc4 7.e4 b5 8.e5 g5 9.Nxg5 hxg5
10.Bxg5 Be7 11.exf6 Bxf6 12.Be3 Nd7 13.g3 Bb7 14.Bg2 a6 15.O-O Nb6 16.Ne4 Nd5
17.a4 Be7 18.Qf3 f5 19.Nc5 Bxc5 20.dxc5 Qf6 21.axb5 cxb5 22.Rfd1 Rh7 23.Bd4 Qh6
24.h4 Nb4 25.c6 Nxc6 26.Qxc6+ Bxc6 27.Bxc6+ Kf7 28.Bxa8 f4 29.Rxa6 fxg3 30.fxg3 Qg6
31.Rf1+ Kg8 32.Bg2 Rg7 33.Ra8+ Kh7 34.Bxg7 Kxg7 35.Rff8 Qb1+ 36.Kh2 Qxb2
37.Rfc8 c3 38.Rc7+ Kf6 39.Rf8+ Ke5 40.h5 Qd2 41.Rf4 c2 42.Re4+ Kd6 43.Rc6+ Kxc6
44.Re2+ Kc5 45.Rxd2 c1=Q 46.Re2 b4 47.Rxe6 Qg5 48.Bf3 b3 49.Re2 Kd4 50.Kg2 Kc3
51.Be4 b2 52.Rf2 Qxh5 53.Bb1 Qd5+ 54.Kh2 Qh5+ 55.Kg2 Qd1 56.Bf5 b1=Q 57.Bxb1 Qxb1
58.Rf4 Qc2+ 59.Kh3 Kd3 60.Kg4 Ke3 61.Kh3 Qg6 62.Kg2 Qh5 63.Kg1 Qh3  0-1

[Event "chess.com Junior Speed"]
[Site "chess.com INT"]
[Date "2019.08.10"]
[Round "4.27"]
[White "Wei Yi"]
[Black "Xiong,Jeffery"]
[Result "1/2-1/2"]
[WhiteElo "2736"]
[BlackElo "2679"]

1.Nf3 g6 2.g3 Bg7 3.Bg2 c5 4.c4 Nc6 5.Nc3 d6 6.b3 Nf6 7.Bb2 O-O 8.d4 cxd4
9.Nxd4 Bd7 10.Nc2 a6 11.O-O Rb8 12.a4 Ng4 13.e4 Nge5 14.Rb1 Re8 15.Ne3 Qc8
16.Ncd5 b5 17.cxb5 axb5 18.axb5 Rxb5 19.Rc1 Qb7 20.Bxe5 dxe5 21.Nc4 Rxb3
22.Rb1 Rxb1 23.Qxb1 Qxb1 24.Rxb1 Nd4 25.Rb7 Be6 26.Rxe7 Rb8 27.h4 Rb1+ 28.Kh2 Rb8
29.Rc7 Rd8 30.Nce3 h5 31.Bf1 Kf8 32.Kg2 Bh6 33.Bc4 Rb8 34.Nf6 Rb2 35.Bxe6 Nxe6
36.Rc8+ Ke7 37.Ned5+ Kd6 38.Ra8 Bd2 39.Ra6+ Kc5 40.Nd7+ Kd4 41.Ra4+ Kd3 42.Nxe5+ Ke2
43.Nc4 Rc2 44.Nxd2 Kxd2 45.Ra3 Nc5 46.Re3 Nd3 47.Nf4 Ne5 48.Re2+ Kd1 49.Rxc2 Kxc2
50.Nh3 Kd3 51.Ng5 f6 52.Nh7 Nd7 53.f3 Ke3 54.g4 hxg4 55.fxg4 Kxe4 56.h5 gxh5
57.gxh5 Kf5 58.Nxf6 Nxf6 59.h6 Kg6 60.h7 Nxh7  1/2-1/2

[Event "chess.com Junior Speed"]
[Site "chess.com INT"]
[Date "2019.08.10"]
[Round "4.28"]
[White "Xiong,Jeffery"]
[Black "Wei Yi"]
[Result "1-0"]
[WhiteElo "2679"]
[BlackElo "2736"]

1.d4 Nf6 2.c4 e6 3.Nf3 b6 4.g3 Bb7 5.Bg2 Be7 6.O-O O-O 7.b3 c5 8.dxc5 bxc5
9.Bb2 d6 10.Nc3 Nc6 11.Qc2 a6 12.Rad1 Qc7 13.Qb1 Rad8 14.Qa1 h6 15.Rfe1 Rfe8
16.e4 e5 17.Nd5 Nxd5 18.exd5 Nd4 19.Qc1 Bc8 20.Nxd4 cxd4 21.Qd2 Bg4 22.Rc1 f5
23.f4 Bf6 24.fxe5 dxe5 25.c5 Bg5 26.Qb4 Bxc1 27.Rxc1 Qf7 28.d6 Qf6 29.Bd5+ Kh7
30.Rf1 Qg5 31.c6 Qe3+ 32.Rf2 d3 33.c7 Rxd6 34.Qxd6 d2 35.Bg8+ Kxg8 36.Qxd2 Qb6
37.Qd7 Qe3 38.Qxe8+ Kh7 39.Qxe5  1-0

[Event "chess.com Junior Speed"]
[Site "chess.com INT"]
[Date "2019.08.10"]
[Round "4.29"]
[White "Wei Yi"]
[Black "Xiong,Jeffery"]
[Result "1-0"]
[WhiteElo "2736"]
[BlackElo "2679"]

1.e4 e6 2.d4 d5 3.Nd2 c5 4.exd5 Qxd5 5.Ngf3 cxd4 6.Bc4 Qd8 7.Nb3 Nc6 8.Qe2 Nf6
9.O-O Qc7 10.Nbxd4 Nxd4 11.Nxd4 a6 12.Bb3 Bd6 13.h3 O-O 14.c3 e5 15.Nf3 e4
16.Nd4 h6 17.Be3 Re8 18.Rad1 Bd7 19.Rd2 Rad8 20.Rfd1 Qc8 21.Nf5 Bf8 22.Nd6 Bxd6
23.Rxd6 Bb5 24.c4 Rxd6 25.Rxd6 Qc7 26.Bf4 e3 27.Rxf6 exf2+ 28.Qxf2 Qe7 29.Rd6 Bc6
30.Rd2 Qe4 31.Bd1 Re6 32.Rd8+ Be8 33.b3 Rf6 34.Rd4 Qb1 35.Qd2 Bc6 36.Qc2  1-0

[Event "chess.com Junior Speed"]
[Site "chess.com INT"]
[Date "2019.08.10"]
[Round "4.30"]
[White "Xiong,Jeffery"]
[Black "Wei Yi"]
[Result "1-0"]
[WhiteElo "2679"]
[BlackElo "2736"]

1.d4 Nf6 2.c4 e6 3.Nf3 b6 4.g3 Bb7 5.Bg2 Be7 6.O-O O-O 7.Re1 Na6 8.Nc3 Ne4
9.Bf4 Nxc3 10.bxc3 Be4 11.h4 d6 12.Bf1 Bxf3 13.exf3 Nb8 14.Qc2 Nd7 15.Bh3 Nf6
16.Re2 c5 17.Rae1 cxd4 18.cxd4 Qc7 19.Qb3 Kh8 20.Rc1 Qb7 21.Bg2 Rac8 22.Be3 Nd7
23.f4 Qc7 24.Bd2 Nf6 25.a4 Qd7 26.a5 bxa5 27.Bxa5 Rb8 28.Qa2 Rfc8 29.Rec2 Bd8
30.Bd2 h6 31.c5 dxc5 32.dxc5 Nd5 33.c6 Qd6 34.Qxa7 Nc7 35.Be3 Bf6 36.Rd2 Qb4
37.Rcd1 Nb5 38.Qxf7 Nc3 39.c7  1-0

[Event "chess.com Junior Speed"]
[Site "chess.com INT"]
[Date "2019.08.10"]
[Round "4.31"]
[White "Wei Yi"]
[Black "Xiong,Jeffery"]
[Result "1-0"]
[WhiteElo "2736"]
[BlackElo "2679"]

1.e4 d5 2.exd5 Qxd5 3.Nc3 Qd8 4.d4 Nf6 5.Nf3 g6 6.Be2 Bg7 7.O-O O-O 8.h3 a6
9.a4 Nc6 10.Be3 e6 11.Qd2 b6 12.Rad1 Bb7 13.Bh6 Ne7 14.Ne5 Nf5 15.Bxg7 Kxg7
16.Qf4 Qe7 17.g4 Nd6 18.f3 Nd5 19.Nxd5 exd5 20.Rfe1 f6 21.Nd3 a5 22.Nf2 Qd7
23.b3 Ba6 24.Bxa6 Rxa6 25.Rd2 Raa8 26.Rde2 Rae8 27.Nd1 Rxe2 28.Rxe2 Re8 29.Qd2 Rxe2
30.Qxe2 Qe8 31.Qxe8 Nxe8 32.Ne3 c6 33.c4 Nc7 34.Kf2 Kf7 35.Ke2 Ne6 36.cxd5 cxd5
37.Nxd5 Nxd4+ 38.Kd3 Nxb3 39.Nxb6 Ke6 40.Kc4 Nd2+ 41.Kb5 Nxf3 42.Kxa5 Ne5
43.Kb5 f5 44.gxf5+ gxf5 45.a5 f4 46.Nc4 Kd5 47.Nxe5 Kxe5 48.Kc4 f3 49.Kd3 Kd5
50.Ke3 Kc5 51.Kxf3 Kb5 52.Kf4 Kxa5 53.Kg5 Kb6 54.Kh6 Kc7 55.Kxh7 Kd7 56.Kg7 Ke6
57.h4  1-0

[Event "chess.com Junior Speed"]
[Site "chess.com INT"]
[Date "2019.08.10"]
[Round "4.32"]
[White "Xiong,Jeffery"]
[Black "Wei Yi"]
[Result "1/2-1/2"]
[WhiteElo "2679"]
[BlackElo "2736"]

1.c4 Nf6 2.Nc3 e6 3.Nf3 d5 4.d4 c5 5.cxd5 Nxd5 6.g3 Nxc3 7.bxc3 cxd4 8.cxd4 b6
9.Bg2 Bb7 10.O-O Nd7 11.a4 Be7 12.a5 bxa5 13.Qa4 O-O 14.Bd2 Bb4 15.Bxb4 axb4
16.Qxb4 Nb6 17.Rfc1 Re8 18.Ne5 Bxg2 19.Kxg2 f6 20.Nc6 Qd7 21.e4 f5 22.Nxa7 Rxa7
23.Qxb6 Rb7 24.Qc6 Qxc6 25.Rxc6 fxe4 26.Ra2 Rd7 27.Rc4 Red8 28.Ra6 Rxd4 29.Rc7 R4d7
30.Rxd7 Rxd7 31.Rxe6 Rd4 32.h4 Kf7 33.Re5 Kf6 34.Re8 Kf7 35.Re5 Kf6 36.Re8 Kf7
37.Ra8 Rd2 38.Ra3 Kf6 39.g4 Ke5 40.Ra7 Kf4 41.Rf7+ Kxg4 42.Rxg7+ Kxh4 43.Rxh7+ Kg4
44.Kf1 Kf4 45.Rh4+ Kf3 46.Rh3+ Kg4 47.Rh7 Kf3 48.Rf7+ Kg4 49.Ke1 Ra2 50.Rf8 Rb2
51.Rg8+ Kf4 52.Rf8+ Kg4 53.Kd1 Ra2 54.Rf7 Rb2 55.Kc1 Ra2 56.Rf8 Re2 57.Kd1 Ra2
58.Ke1 Kg5 59.Kf1 Kg4 60.Rg8+ Kf4 61.Rf8+ Kg4 62.Kg1 Kg5 63.Re8 Kf4 64.Kg2 Rb2
65.Rf8+ Kg4 66.Rg8+ Kf4 67.Re8 Ra2 68.Re7 Kf5 69.Kf1 Kf4 70.Rb7 Ra1+ 71.Kg2 Ra2
72.Rf7+ Kg4 73.Rg7+ Kf4 74.Re7 Rb2 75.Re8 Kf5 76.Kf1 Kf4 77.Ke1 Ra2 78.Rf8+ Kg4
79.Rf7 Kg5 80.Re7 Kf4 81.Re8 Kf3 82.Rf8+ Kg4 83.Rf6 Rb2 84.Rc6 Kf4 85.Rc3 Kg4
86.Kf1 Kf4 87.Kg2 Re2 88.Rh3 Rd2 89.Ra3 Rd3 90.Ra8 Rd2 91.Ra4 Kf5 92.Ra3 Kf4
93.Kf1  1/2-1/2